000 00578cam a2200217 4500
001 WB3611-25
008 000000n2000 000 0 eng u
035 _a(Sirsi) u104774
245 _aE-commerce and agriculture
260 _c2000
490 _aScotsman
_v 10 March 2000, 36(1)
520 _aThings would be better for agriculture if it were to embrace e-commerce.
590 _aWB
650 _aE-COMMERCE
650 _aAGRICULTURE
650 _aFARMING
650 _aINTERNET
650 _aSCOTLAND
690 _aINFORMATION TECHNOLOGY-INTERNET
942 _n0
999 _c62860
_d62860